000 00354nam a2200133Ia 4500
008 240624s9999 xx 000 0 und d
041 _aeng
082 _a658.8343 WIE
100 _aWIERSEMA FRED
245 _aCUSTOMER INTIMACY PICK YOUR PARTNERS SHA
260 _c1996
_aCalifornia
_bKnowledge Exchange
300 _a221 : p. : cm. ; 24
365 _c
_b30
999 _c27552
_d27552